• 首页
  • 本馆介绍
  • 公告通知
  • 最新文献
  • 馆藏检索
  • 电子资源
  • 读者导购
  • 参考咨询
  • 我的图书馆
  • 登录
  • 详细信息显示
  • 放入我的书架
  • 预约/预借图书
  • 作者相关作品
  • 分类相关作品
  • 丛书相关作品
  • 出版社相关作品

书目信息

  • 表格格式
  • 工作单格式
  • 卡片格式
书名: Riemannian Geometry
作者: Peter Petersen.
分册号:
分册名:
出版地: 北京 :
 
出版社: 科学出版社
出版时间: 2007.
页数: 401 p. ;
开本: 21cm.
丛书名: 国外数学名著系列(影印版)
中图分类号:
科图分类号:
其他分类号: O186.12
主题词:
电子资源:
000 00554nam 2200205 a 4500
001 E0732657711
005 20070824090721.21
008 070824s2007 00010 eng
020    @a7-03-018294-4 :@cCNY76.00.
040    @aPFT@bchi
041    @aeng@bchi@heng
090    @aO186.12
099    @dO186.12@ex20
245    @aRiemannian Geometry :@b黎曼几何 / @cPeter Petersen.
246    @a黎曼几何
250    @a影印版.
260    @a北京 :@b科学出版社,@c2007.
300    @a401 p. ;@c21cm.
440    @a国外数学名著系列(影印版)@v30
700    @aPetersen,Peter
    
    Riemannian Geometry : : 黎曼几何 / / Peter Petersen.-影印版.-北京 : : 科学出版社, , 2007.
    401 p. ; ; 21cm.- (国外数学名著系列(影印版) 30)
    
    
    ISBN 7-03-018294-4 :CNY76.00.
    
●
相关链接 在E读中查询图书 在五车中查询图书 在当当中查询图书 在豆瓣中查询图书


正题名:Riemannian Geometry     索取号:O186.12/x20         预约/预借

序号 登录号 条形码 馆藏地/架位号 状态 备注
1 17217   300172177   第二样本阅览室/ [索取号:O186.12/x20] 在馆    
唐山师范学院图书馆 欢迎您!
大连网信软件有限公司© 版权所有